| 000 | 00000nam 2200000zi 4500 |
| 001 | 9.921049 |
| 003 | CaOODSP |
| 005 | 20241203113656 |
| 006 | m o d f |
| 007 | cr |n||||||||| |
| 008 | 230123e198510##oncb o f|0| 0 eng d |
| 040 | |aCaOODSP|beng|erda|cCaOODSP |
| 043 | |an-cn-nk |
| 086 | 1 |aEn37-609/1985E-PDF |
| 100 | 1 |aLebrun-Salonen, Melanie L., |eauthor. |
| 245 | 10|aAverage solid ice thickness of New Brunswick rivers : |b(updated to the end of the 1984-1985 winter season) / |cby Melanie LeBrun-Salonen. |
| 264 | 1|a[Ottawa] : |b[Environment Canada], |cOctober, 1985. |
| 300 | |a1 online resource (1 volume (various pagings)) : |bmaps |
| 336 | |atext|btxt|2rdacontent |
| 337 | |acomputer|bc|2rdamedia |
| 338 | |aonline resource|bcr|2rdacarrier |
| 500 | |aDigitized edition from print [produced by Environment and Climate Change Canada]. |
| 500 | |a"A report prepared under the Canada Works Program." |
| 500 | |a"Contract No. 1829-DE6." |
| 500 | |aOn cover: Canada Works '85. |
| 520 | |a"Measurements of solid ice thickness on New Brunswick rivers and streams has been initiated since 1959 and is an on-going exercise performed by various agencies. This monitoring aids in the understanding of river ice and its potential to jam during spring break-up. This report contains averages of solid ice thickness measurements at several localities to the end of the 1984-1985 winter season"--Abstract, page i. |
| 650 | 0|aIce on rivers, lakes, etc.|zNew Brunswick. |
| 650 | 6|aGlace sur les cours d'eau, lacs, etc.|zNouveau-Brunswick. |
| 710 | 1 |aCanada. |bEnvironment Canada, |eissuing body. |
| 856 | 40|qPDF|s11.00 MB|uhttps://publications.gc.ca/collections/collection_2024/eccc/En37-609-1985-eng.pdf |